00529nam a2200145Ia 4500008004100000041000800041082001500049100001300064245004500077260005000122300002800172365001100200999001700211952015500228240624s9999 xx 000 0 und d aeng a344.01 PUR aPURI S D aPRIVATE SECURITY AGENCIES REGULATION ACT c2008aMumbaibSnow White Publication Pvt. Ltd ax, : 49 : p. : cm. ; 24 cRSb15 c10537d10537 00104070aIMTNbIMTNcRack 14-Bd2008-09-20eSLHg50.00l2n32381o344.01 PURp10537q2026-01-22r2026-01-12 13:38:39s2026-01-12t1w2024-06-24yBK